| Tag |
First Indicator |
Second Indicator |
Subfields |
| LEADER |
00000cam a2200000 4500 |
| 001 |
in00003442221 |
| 005 |
20151206103549.0 |
| 008 |
790809s1936 enk f00000 eng d |
| 035 |
|
|
|a (OCoLC)ocm05256399
|
| 040 |
|
|
|a AFU
|c AFU
|d m.c.
|d TNY
|d UtOrBLW
|
| 090 |
|
|
|a HC286.3
|b .R25 1936
|
| 100 |
1 |
|
|a Rawlins, Evelyn Charles Donaldson.
|
| 245 |
1 |
0 |
|a Economic conditions in Germany to March, 1936 ;
|b report /
|c By E. C. Donaldson Rawlins.
|
| 264 |
|
1 |
|a London :
|b H. M. Stationery Office,
|c 1936.
|
| 300 |
|
|
|a xii, 285 pages :
|b illustrations (some color) ;
|c 25 cm.
|
| 336 |
|
|
|a text
|b txt
|2 rdacontent
|
| 337 |
|
|
|a unmediated
|b n
|2 rdamedia
|
| 338 |
|
|
|a volume
|b nc
|2 rdacarrier
|
| 490 |
1 |
|
|a Department of Overseas Trade ;
|v no. 641
|
| 651 |
|
0 |
|a Germany
|x Economic conditions
|y 1918-1945.
|
| 710 |
1 |
|
|a Great Britain.
|b Department of Overseas Trade.
|
| 830 |
|
0 |
|a Department of Overseas Trade ;
|v no. 641.
|
| 999 |
|
|
|a MARS
|
| 999 |
f |
f |
|s e932366e-d3c1-34b4-b266-3be64a952b4e
|i ba69c94c-0c2d-31db-8e18-f8dc5d1af1d1
|t 0
|
| 952 |
f |
f |
|p ric
|a Texas A&M University
|b Rellis Campus
|c Joint Library Facility
|d Remote Storage
|t 0
|e HC286.3 .R25 1936
|h Library of Congress classification
|i unmediated -- volume
|m 32060004219248
|
| 998 |
f |
f |
|a HC286.3 .R25 1936
|t 0
|l Remote Storage
|